000
00275nam a2200121Ia 4500
008
190216s9999||||xx |||||||||||||| ||und||
100
_a
Sanjay Chada
245
0
_a
Hindi-Saflatha Aapki Mutthi Mein
260
_b
Vidya Vihar
300
_a
123
650
_a
Hindi
942
_c
BK
999
_c
16470
_d
16470